The muslim women (protection of rights on divorce act, 1986) (Record no. 1455117)

MARC details
000 -LEADER
fixed length control field 00565nam a2200193Ia 4500
005 - DATE AND TIME OF LATEST TRANSACTION
control field 20250923145737.0
008 - FIXED-LENGTH DATA ELEMENTS--GENERAL INFORMATION
fixed length control field 008 250917s9999 xx 000 0 eng d
037 ## - SOURCE OF ACQUISITION
Stock number Reference
040 ## - CATALOGING SOURCE
Original cataloging agency DSWL
Language of cataloging eng
Transcribing agency DSWL
041 ## - LANGUAGE CODE
Language code of text/sound track or separate title eng
Source of code eng
084 ## - COLON CLASSIFICATION NUMBER
Classification number Z(Q7),1227'N86, N86
Assigning agency DSWL
245 #4 - TITLE STATEMENT
Title The muslim women (protection of rights on divorce act, 1986)
Statement of responsibility, etc. by Bare Act
260 ## - PUBLICATION, DISTRIBUTION, ETC.
Place of publication, distribution, etc. Lucknow
Name of publisher, distributor, etc. Eastern Books
Date of publication, distribution, etc. 1986
300 ## - PHYSICAL DESCRIPTION
Extent 33p.
365 ## - TRADE PRICE
Price type code INR
Price amount 10.00
925 ## -
-- 10.00
942 ## - ADDED ENTRY ELEMENTS (KOHA)
Koha item type Reference
Classification part Z(Q7),1227'N86, N86
Holdings
Withdrawn status Lost status Damaged status Not for loan Home library Current library Date acquired Source of acquisition Inventory number Total Checkouts Full call number Barcode Date last seen Price effective from Koha item type
        Department of Social Work Library Department of Social Work Library 2025-09-23 Morbet,Delhi-54 22431/29.10.86   Z(Q7),1227'N86, N86 SW0022878 2025-09-23 2025-09-23 Reference
Copyright @ Delhi University Library System